[Event "Windsor NAYCC U16-U18 Girls"]
[Site "Windsor"]
[Date "2016.08.07"]
[Round "1.18"]
[White "Nguyen, Emily"]
[Black "Dasari, Samhitha"]
[Result "1-0"]
[WhiteElo "2067"]
[BlackElo "1714"]
[PlyCount "111"]
[EventDate "2016.08.07"]
[EventType "swiss"]
[EventRounds "9"]
[EventCountry "CAN"]
[SourceTitle "EXT 2022"]
[Source "ChessBase"]
[SourceDate "2021.10.06"]
[SourceVersion "1"]
[SourceVersionDate "2021.10.06"]
[SourceQuality "1"]

1. d4 Nf6 2. Bg5 g6 3. Bxf6 exf6 4. e3 Bg7 5. g3 0-0 6. Bg2 d5 7. Ne2 c6 8. 0-0 Nd7 9. Nd2 f5 10. c4 Nf6 11. Nf4 Be6 12. Rc1 Qd7 13. a4 Ne4 14. c5 b6 15. Nd3 Rab8 16. cxb6 axb6 17. b4 Qd6 18. Nb3 Rfc8 19. Rc2 Rc7 20. Qc1 Rbc8 21. a5 Rb7 22. f3 h5 23. b5 bxa5 24. fxe4 dxe4 25. Ndc5 Rxb5 26. Nxe6 Rxb3 27. Nxg7 Kxg7 28. Rc5 a4 29. d5 Rb6 30. Ra5 a3 31. dxc6 Qxc6 32. Qxc6 Rcxc6 33. Rxa3 Rb2 34. Rf2 Rcc2 35. Rxc2 Rxc2 36. h4 Rd2 37. Bf1 Rd7 38. Kf2 f6 39. Ra5 Kf7 40. Bc4+ Ke7 41. Ke2 Rc7 42. Bb3 Rb7 43. Bc2 Rc7 44. Kd2 Rd7+ 45. Kc3 Rc7+ 46. Kb3 Rb7+ 47. Kc4 Rc7+ 48. Rc5 Rd7 49. Kc3 Kd6 50. Ra5 Rc7+ 51. Kd2 Ke7 52. Bb3 Rd7+ 53. Rd5 Rxd5+ 54. Bxd5 g5 55. Kc3 Kd6 56. Kd4 1-0